000 01086nam a2200145 4500
008 180912b xxu||||| |||| 00| 0 eng d
020 _a9789585767102
082 _a759.986.1
_bP123f
100 _aPadilla, Christian
_96663
245 _aFernando Botero
_bla búsqueda del estilo: 1949-1963
260 _aColombia
_bTangrama
_c2012
300 _a199 p.
_bill (col)
_c29 x 25 cm
505 _tRevelando los inicios de una carrera excepcional
_rEdward J. Sullivan
_tExordio
_tFormación en Colombia: 1949-1952
_tPensamiento y contexto intelectual
_tRuptura con la provincia y viaje a la capital
_tLa experiencia europea y el regreso a Colombia: 1952-1955
_tDescubriendo el renacimiento
_tDesilusión y replanteamientos formales
_tLa influencia de Obregón
_tPrimera época de Lámpara
_tConsagración y consolidación del estilo: 1956-1963
_tMonumentalidad y experiencia mexicana
_tAnatomía boteriana
_tExpresionismo y "feísmo"
_tSegunda época de Lámpara
_tNueva figuración y nuevos temas
_tNueva York y la última revolución personal
650 _xpintura
_xColombia
_xpintores colombianos
_xcatálogos
_96664
999 _c1613
_d1613